Language Quiz

Random Language or Letter Quiz

15 Ways to Not Use Your Ears Quiz Stats

 Plays Quiz Updated Mar 8, 2015

Challenge
Share
Tweet
Embed
Score 0/15 Timer 01:00
1 Play Today
Category Answer % Correct
Change the ECARS
95.6%
Change the EBARS
94.9%
Change the EMARS
91.7%
Change the ETARS
88.7%
Change the EPARS
85.7%
Change the EWARS
80.1%
Change the ELARS
79.8%
Change the EJARS
79.7%
Category Answer % Correct
Change the EGARS
73.6%
Change the EOARS
67.8%
Change the EVARS
64%
Change the REATS
59.5%
Change the SEARN
54.5%
Change the SEARL
46.2%
Change the AERRS
35.1%

You're not logged in!

Compare scores with friends on all Sporcle quizzes.
Join for Free
OR
Log In

You Might Also Like...

Show Comments

Extras

Top Quizzes Today


Score Distribution

Your Account Isn't Verified!

In order to create a playlist on Sporcle, you need to verify the email address you used during registration. Go to your Sporcle Settings to finish the process.

Report this User

Report this user for behavior that violates our Community Guidelines.

Details: